| 000 | 00423nam a22001455i 4500 | ||
|---|---|---|---|
| 001 | 172027 | ||
| 003 | ES-MaACL | ||
| 005 | 20230906214809.0 | ||
| 008 | 090612s1921 fr |||| | fre d | ||
| 100 | 1 |
_aSouliƩ de Morant, George. _9140630 |
|
| 245 | 1 | 4 |
_aLes contes galants de la Chine / _cGeorge SouliƩ de Morant. |
| 260 |
_aParis : _bE. Fasquelle, _c1921. |
||
| 300 |
_a181 p. ; _c17 cm. |
||
| 852 |
_aES-MaACL _jF-11284 |
||
| 999 |
_c172027 _d172027 |
||